<?xml version="1.0" encoding="UTF-8"?>
<collection xmlns="http://www.loc.gov/MARC21/slim">
 <record>
  <leader>00466pamaa2200157   4500</leader>
  <controlfield tag="001">0000034484</controlfield>
  <controlfield tag="005">20060530090000.0</controlfield>
  <datafield tag="020" ind1="0" ind2="0">
   <subfield code="a">0852975155 </subfield>
  </datafield>
  <datafield tag="082" ind1=" " ind2=" ">
   <subfield code="a">657 HAR</subfield>
  </datafield>
  <datafield tag="090" ind1="0" ind2="0">
   <subfield code="a">HF5635 </subfield>
   <subfield code="b">HAR 2002</subfield>
  </datafield>
  <datafield tag="100" ind1="1" ind2="0">
   <subfield code="a">HARPER </subfield>
  </datafield>
  <datafield tag="245" ind1="1" ind2="0">
   <subfield code="a">Structure of accounts : </subfield>
   <subfield code="b">a practical guide to financial reporting and accounting standards  </subfield>
   <subfield code="c">Karl Harper.</subfield>
  </datafield>
  <datafield tag="250" ind1="0" ind2="0">
   <subfield code="a">2nd ed.</subfield>
  </datafield>
  <datafield tag="260" ind1="0" ind2="0">
   <subfield code="a">Canterbury: </subfield>
   <subfield code="b">Financial world Publishing, </subfield>
   <subfield code="c">2002.</subfield>
  </datafield>
  <datafield tag="300" ind1=" " ind2=" ">
   <subfield code="a">xii, 299p.; </subfield>
   <subfield code="c">25cm.</subfield>
  </datafield>
  <datafield tag="650" ind1="0" ind2="0">
   <subfield code="a">Accounting </subfield>
  </datafield>
 </record>
</collection>
